[Event "Olympiad Women-38"]
[Site "Dresden"]
[Date "2008.11.22"]
[Round "9"]
[White "Velcheva, Maria"]
[Black "Gevorgyan, Irina"]
[Result "0-1"]
[WhiteElo "2280"]
[BlackElo "2179"]
[PlyCount "122"]
[EventDate "2008.11.13"]
[EventType "team-swiss"]
[EventRounds "11"]
[EventCountry "GER"]
[SourceTitle "CBM 128"]
[Source "ChessBase"]
[SourceDate "2009.01.28"]
[SourceVersion "1"]
[SourceVersionDate "2009.01.28"]
[SourceQuality "1"]
[WhiteTeam "Bulgaria (W)"]
[BlackTeam "Uzbekistan (W)"]
[WhiteTeamCountry "BUL"]
[BlackTeamCountry "UZB"]

1. e4 c5 2. Nf3 e6 3. d4 cxd4 4. Nxd4 a6 5. Be2 Nf6 6. Nc3 d6 7. a4 Nc6 8. Be3 Be7 9. 0-0 Qc7 10. f4 0-0 11. Kh1 Re8 12. Bd3 Bd7 13. Qf3 Rac8 14. Qg3 g6 15. Nf3 Nb4 16. e5 Nh5 17. Qf2 Bc6 18. Nd4 Nxd3 19. cxd3 Rf8 20. exd6 Qxd6 21. Ne4 Qd7 22. b3 Bd5 23. Qb2 f5 24. Nd2 Bf6 25. Nc4 Rcd8 26. Ne5 Bxe5 27. fxe5 f4 28. Bf2 Qe7 29. b4 Qg5 30. Nf3 Bxf3 31. gxf3 Rxd3 32. Qe2 Qf5 33. Rad1 Rxd1 34. Rxd1 Rc8 35. Qe4 Qxe4 36. fxe4 f3 37. Bc5 Nf4 38. a5 g5 39. Kg1 Rc7 40. Kf2 Ng6 41. Rd8+ Kg7 42. Kxf3 Nxe5+ 43. Kg3 Nf7 44. Rd2 Kg6 45. h4 h6 46. Rd4 gxh4+ 47. Kxh4 Ng5 48. Kg3 Rf7 49. Bd6 h5 50. e5 Rd7 51. Rf4 Rf7 52. Rc4 Rh7 53. Rh4 Nf7 54. Kf4 Nh6 55. Rh1 Rf7+ 56. Ke4 Ng4 57. Rg1 Kg5 58. Bc5 h4 59. Be3+ Kh5 60. Bd4 h3 61. Rh1 Kh4 0-1

[Event "Olympiad Women-38"]
[Site "Dresden"]
[Date "2008.11.21"]
[Round "8"]
[White "Hund, Barbara"]
[Black "Velcheva, Maria"]
[Result "1/2-1/2"]
[WhiteElo "2216"]
[BlackElo "2280"]
[PlyCount "83"]
[EventDate "2008.11.13"]
[EventType "team-swiss"]
[EventRounds "11"]
[EventCountry "GER"]
[SourceTitle "CBM 128"]
[Source "ChessBase"]
[SourceDate "2009.01.28"]
[SourceVersion "1"]
[SourceVersionDate "2009.01.28"]
[SourceQuality "1"]
[WhiteTeam "Switzerland (W)"]
[BlackTeam "Bulgaria (W)"]
[WhiteTeamCountry "SUI"]
[BlackTeamCountry "BUL"]

1. e4 c5 2. Nf3 e6 3. d4 cxd4 4. Nxd4 Nf6 5. Nc3 Nc6 6. Ndb5 Bb4 7. a3 Bxc3+ 8. Nxc3 d5 9. exd5 exd5 10. Bg5 0-0 11. Bd3 Re8+ 12. Ne2 Ne5 13. 0-0 Bg4 14. f3 Qb6+ 15. Kh1 Bd7 16. Nf4 Nxd3 17. Nxd3 Bb5 18. a4 Bxd3 19. Qxd3 Qxb2 20. Rab1 Qe5 21. Bxf6 Qxf6 22. Rxb7 Qc6 23. Qb5 Qxb5 24. Rxb5 Rac8 25. Rxd5 Rxc2 26. Ra5 Ree2 27. Rxa7 h5 28. Rg1 h4 29. h3 g5 30. Rb7 Kg7 31. Rb4 Kg6 32. f4 f5 33. Rb6+ Kh5 34. fxg5 Kxg5 35. Rb8 Ra2 36. Rg8+ Kf6 37. Rf1 Rxa4 38. Rf8+ Kg6 39. R8xf5 Ree4 40. Rf8 Kg7 41. Rb8 Rab4 42. Rxb4 1/2-1/2